Direction: L'an 2000

שמור ב:
מידע ביבליוגרפי
מחבר ראשי: Pathe, Pierre C.
פורמט: ספר
שפה:Undetermined
יצא לאור: Paris Les Cles de L'economie 1968
נושאים:
תגים: הוספת תג
אין תגיות, היה/י הראשונ/ה לתייג את הרשומה!
Thư viện lưu trữ: Trung tâm Học liệu Trường Đại học Cần Thơ
LEADER 00458nam a2200181Ia 4500
001 CTU_86702
008 210402s9999 xx 000 0 und d
082 |a 523.1 
082 |b P297 
100 |a Pathe, Pierre C. 
245 0 |a Direction: L'an 2000 
245 0 |c Pierre C. Pathe 
260 |a Paris 
260 |b Les Cles de L'economie 
260 |c 1968 
650 |a Universe 
904 |i Năm 
980 |a Trung tâm Học liệu Trường Đại học Cần Thơ